| 000 | 00941naa a22002657a 4500 | ||
|---|---|---|---|
| 001 | BR8106504 | ||
| 003 | BR-BrBNA | ||
| 005 | 20250716171949.0 | ||
| 007 | ta | ||
| 008 | 250630b bl.|||m| |||| 00| 0 por d | ||
| 040 |
_aBR-BrBNA _bpor _cBiblioteca Nacional de Agricultura |
||
| 041 | _a(Pt) | ||
| 072 |
_aF26 _b/G514 |
||
| 090 | _aF26 BR8106504 | ||
| 100 | 1 | _aGomide, R.L. | |
| 100 | 1 | _aCaixeta, T.J. | |
| 245 | 1 | _aSistematizacao de terreno [gradagem, solo, Brasil] | |
| 500 | _aPROVARZEAS Nacional. 1 hectare vale por dez Brasilia, DF (Brasil): 1981. p. 39-43 (BR8106504-AMS) | ||
| 773 | 0 |
_tPROVARZEAS Nacional. 1 hectare vale por dez _wF26 BR8106504 _gBrasilia, DF (Brasil), 1981. p. 39-43 |
|
| 650 | _aGRADAGEM | ||
| 650 | _aNIVELAMENTO DA TERRA | ||
| 490 |
_aInformacao Tecnica - Programa Nacional para Aproveitamento de Varzeas Irrigaveis (Brazil) _vno. 1 |
||
| 942 |
_cAMS _2AGRIS |
||
| 909 |
_a202506 _bLúcia _c55 _dLúcia Elande |
||
| 999 |
_c333866 _d333866 |
||